LDR 00520naa#a2200169#i#450# 001 EN\\bibl\102271 005 20260705084124.7 011 ## _a2588-0209 100 ## _a20220625b2022####ek#y0engy0150####ca 102 ## _aRU 200 1# _aANALYSIS OF THE CONDITION OF THE DRAINAGE RECLAMATION SYSTEM BY ORTHOPHOTOPLAN AND GEOBOTANICAL DESCRIPTIONS _eJournal article 210 1# _aMoscow _cElectronic science _d2022 215 ## _a0 с. 608 ## _aJournal article _2local 700 #1 _aZver'kov _gM. S. 700 #1 _aSmelova _gS. S. 856 4# _amshj.ru _u